000 00843nam a2200241 a 4500
001 000013294
005 20240530073931.0
008 091123s1999 pr 000 e spa d
020 _a1881715485
040 _aDO-SdBNP
_bspa
_cBNPHU
082 _aRD864.44
_bG216m
100 1 _aGarcía Cuevas, Eugenio
_910813
245 1 0 _aMirada en tránsito :
_bdominicanos, haitianos, puertoriqueños y otras situaciones en primera persona /
_cEugenio García Cuevas.
260 _aSan Juan, Puerto Rico :
_bIsla Negra,
_c1999.
300 _a141 p. ;
_c22 cm.
490 1 _aVisiones y cegueras
500 _aIncluye datos biográficos del autor en la solapa de la cubierta.
650 0 _aEnsayos dominicanos
_965
650 0 _aLiteratura dominicana.
_967
650 0 _aPoesía dominicana
_966
830 0 _aVisiones y cegueras
_91120
049 _aBNPD
999 _c12924
_d12924